LEADER 00539nab a2200145 i 4500 001 000000315400 003 CaOOAMICUS 005 20180831173149.0 008 180831n xx uu u0 0und r 013 $a24487 040 $aSeMil$bita 100 1 $aBaj, Ferdinando <1911-1997>.$0(OLS)http://semarc/name/11860 245 10$a[RECENSIONE DI: Colbi..., Cristianesimo in Terra Santa,..., 1972]. 773 0 $t[Gennaio-Dicembre].$g299-300$w()274241 996 $6245$a[RECENSIONE DI: Colbi..., Cristianesimo in Terra Santa,..., 1972]$9(OLS)http://semarc/title/389451 LEADER 00749naa a2200157 i 4500 001 000000319757 003 CaOOAMICUS 005 20180831173313.0 008 180831n it u000 u ita u 013 $a29554 040 $aSeMil$bita 245 10$aMuziano e la traduzione latina delle omelie crisostomiche ad Hebraeos. 650 4$aGiovanni : Crisostomo - Influssi.$0(OLS)http://semarc/subject/44180 650 4$aMuziano .$0(OLS)http://semarc/subject/44181 773 0 $tIn servitio magistri.$dTroina : Cittą aperta, 2012.$kQuaderni di Synaxis$z978-88-8137-473-1$gp.95-112$w()214594 996 $6245$aMuziano e la traduzione latina delle omelie crisostomiche ad Hebraeos$9(OLS)http://semarc/title/393490